| 000 | 01071nam0a2200313 4500 | ||
|---|---|---|---|
| 001 | RU\NLR\BIBL_A\022322590 | ||
| 005 | 20250625193541.0 | ||
| 010 | _915000 | ||
| 035 | _a(NLR Aleph) 022322590 | ||
| 090 |
_a13325028 _c13325028 |
||
| 100 | _a20240914d1964 |||y0rusy50 ca | ||
| 101 | 1 |
_alav _cukr |
|
| 102 | _aLV | ||
| 105 | _aa z 000 y | ||
| 181 | 0 |
_ai _baxxe |
|
| 182 | 0 | _an | |
| 200 | 1 |
_aHaidamaki _epoēma _fTarass Ševčenko _g[atdzejojis Jānis Plaudis ; mākslinieks Sergejs Adamovičs] |
|
| 203 |
_aТекст _bвизуальный _cнепосредственный |
||
| 210 |
_aRīga _cLatvijas Valsts izdevniecība _d1964 |
||
| 215 |
_a95, [1] с. _cил. _d15 |
||
| 541 | 1 |
_6z01790 _aГайдамаки _eпоэма _zrus |
|
| 686 | 1 | _aШ5(2=Ук)5-65 | |
| 700 | 1 |
_aШевченко _bТ. Г. _f1814-1861 _gТарас Григорович _4070 |
|
| 702 | 1 |
_aPlaudis _bJ. _f1903-1952 _gJānis _4730 |
|
| 790 | 1 |
_6z01541 _aПлаудис _bЯ. _f1903-1952 _gЯнис _4730 |
|
| 852 |
_aNLR _bОНЛ _jЛатыш./1-1379 |
||
| 942 | _cBOOK | ||
| 980 | _aNB | ||